| 000 | 00544cam a2200229ua 4500 | ||
|---|---|---|---|
| 020 | _cRs. 250.00 | ||
| 041 |
_aeng _h |
||
| 082 |
_a380 _bRAT/HA |
||
| 100 | _aRathore, O S . | ||
| 245 | _aHandbook of extension education | ||
| 250 |
_a1 / _b. |
||
| 260 |
_aUdaipur : _bAgrotech publishing academy , _c1999. |
||
| 300 | _a128 ; . | ||
| 365 | _aRs. 250.00 | ||
| 504 | _a | ||
| 700 | 1 | _aChauhan, M S . | |
| 700 | 1 | _aDhakar, S D . | |
| 700 | 1 | _aOjha, S N . | |
| 942 | _cBK | ||
| 999 |
_c276 _d276 |
||